NLSY79 users' guide : a guide to the 1979-1996 National Longitudinal Survey of Youth data /
Saved in:
| Corporate Authors: | , |
|---|---|
| Format: | Book |
| Language: | English |
| Published: |
Columbus, OH :
The Center,
1997.
|
| Subjects: | |
| Tags: |
Add Tag
No Tags, Be the first to tag this record!
|
| LEADER | 01401nam a2200325Ka 4500 | ||
|---|---|---|---|
| 001 | 007733152-4 | ||
| 005 | 20020606104010.5 | ||
| 008 | 971106s1997 ohu 000 0 eng d | ||
| 035 | 0 | |a ocm37902543 | |
| 040 | |a STU |c STU |d HLS | ||
| 043 | |a n-us--- | ||
| 050 | 4 | |a HQ799.7 |b .N57 1997 | |
| 090 | |a HQ792.U5 |b N35 | ||
| 245 | 0 | 0 | |a NLSY79 users' guide : |b a guide to the 1979-1996 National Longitudinal Survey of Youth data / |c Prepared for the U.S. Department of Labor by Center for Human Resource Research, The Ohio State University. |
| 246 | 3 | |a National Longitudinal Survey of Youth. | |
| 246 | 3 | 0 | |a Guide to the 1979-1996 National Longitudinal Survey of Youth data |
| 260 | |a Columbus, OH : |b The Center, |c 1997. | ||
| 300 | |a xi, 387 p. ; |c 28 cm. | ||
| 500 | |a "Prepared under contract #J-9-J-o-oo90 with the Bureau of Labor Statistics, U.S. Department of Labor." | ||
| 500 | |a "August 1997." | ||
| 500 | |a Cover title. | ||
| 504 | |a Includes bibliographical references and index. | ||
| 650 | 0 | |a Youth |z United States |x Longitudinal studies. | |
| 650 | 0 | |a Youth |z United States |x Social conditions |x Longitudinal studies. | |
| 650 | 0 | |a Youth |x Employment |z United States |v Longitudinal studies. | |
| 655 | 7 | |a Longitudinal studies. |2 fast | |
| 710 | 2 | |a Ohio State University. |b Center for Human Resource Research. | |
| 710 | 1 | |a United States. |b Bureau of Labor Statistics. | |
| 988 | |a 20020608 | ||
| 906 | |0 OCLC | ||


